<?xml version="1.0" encoding="UTF-8"?>
<record
    xmlns:xsi="http://www.w3.org/2001/XMLSchema-instance"
    xsi:schemaLocation="http://www.loc.gov/MARC21/slim http://www.loc.gov/standards/marcxml/schema/MARC21slim.xsd"
    xmlns="http://www.loc.gov/MARC21/slim">

  <leader>00853nam a2200265Ib 4500</leader>
  <controlfield tag="003">3228</controlfield>
  <controlfield tag="005">20260416152554.0</controlfield>
  <controlfield tag="008">220630s9999    xx a   j      000 1 AFR d</controlfield>
  <datafield tag="020" ind1=" " ind2=" ">
    <subfield code="a">9780624048428 (paperback)</subfield>
  </datafield>
  <datafield tag="040" ind1=" " ind2=" ">
    <subfield code="a">MPL</subfield>
    <subfield code="c">3228</subfield>
    <subfield code="b">eng</subfield>
    <subfield code="e">rda</subfield>
  </datafield>
  <datafield tag="041" ind1=" " ind2=" ">
    <subfield code="a">Afrikaans</subfield>
  </datafield>
  <datafield tag="082" ind1=" " ind2=" ">
    <subfield code="a">ATF WASS</subfield>
  </datafield>
  <datafield tag="100" ind1=" " ind2=" ">
    <subfield code="a">Wasserman, Elizabeth</subfield>
    <subfield code="9">4314</subfield>
    <subfield code="e">author</subfield>
  </datafield>
  <datafield tag="245" ind1=" " ind2="0">
    <subfield code="a">Speurhond Willem op reis /</subfield>
    <subfield code="c">Elizabeth Wasserman ; illustrasies deur Chris Venter</subfield>
  </datafield>
  <datafield tag="250" ind1=" " ind2=" ">
    <subfield code="a">Eerste uitgawe</subfield>
  </datafield>
  <datafield tag="260" ind1=" " ind2=" ">
    <subfield code="a">Kaapstad :</subfield>
    <subfield code="b">Tafelberg ,</subfield>
    <subfield code="c">&#xA9;2010,</subfield>
    <subfield code="c">2010.</subfield>
  </datafield>
  <datafield tag="300" ind1=" " ind2=" ">
    <subfield code="a">127 Pages :</subfield>
    <subfield code="b">Illustrations ;</subfield>
    <subfield code="c">21 cm</subfield>
  </datafield>
  <datafield tag="490" ind1=" " ind2=" ">
    <subfield code="a">Speurhond Willem</subfield>
  </datafield>
  <datafield tag="655" ind1=" " ind2="0">
    <subfield code="9">188476</subfield>
    <subfield code="a">Youth Fiction</subfield>
  </datafield>
  <datafield tag="655" ind1=" " ind2="0">
    <subfield code="9">188487</subfield>
    <subfield code="a">Animal Stories</subfield>
  </datafield>
  <datafield tag="655" ind1=" " ind2="0">
    <subfield code="9">188659</subfield>
    <subfield code="a">Adventure Stories</subfield>
  </datafield>
  <datafield tag="655" ind1=" " ind2="0">
    <subfield code="9">172264</subfield>
    <subfield code="a">Detective and mystery fiction</subfield>
  </datafield>
  <datafield tag="700" ind1=" " ind2=" ">
    <subfield code="9">179115</subfield>
    <subfield code="a">Venter, Chris</subfield>
    <subfield code="e">illustrator</subfield>
  </datafield>
  <datafield tag="942" ind1=" " ind2=" ">
    <subfield code="c">BK</subfield>
    <subfield code="2">ddc</subfield>
    <subfield code="y">296</subfield>
    <subfield code="z">Phillipina Naude</subfield>
  </datafield>
  <datafield tag="999" ind1=" " ind2=" ">
    <subfield code="c">385048</subfield>
    <subfield code="d">385047</subfield>
  </datafield>
  <datafield tag="952" ind1=" " ind2=" ">
    <subfield code="0">0</subfield>
    <subfield code="1">0</subfield>
    <subfield code="4">0</subfield>
    <subfield code="7">0</subfield>
    <subfield code="a">PERDL</subfield>
    <subfield code="b">PERDL</subfield>
    <subfield code="d">2021-08-20</subfield>
    <subfield code="g">199.00</subfield>
    <subfield code="l">0</subfield>
    <subfield code="p">33228023819905</subfield>
    <subfield code="r">2021-08-20</subfield>
    <subfield code="w">2021-08-20</subfield>
    <subfield code="y">BK</subfield>
  </datafield>
  <datafield tag="952" ind1=" " ind2=" ">
    <subfield code="0">0</subfield>
    <subfield code="1">0</subfield>
    <subfield code="2">ddc</subfield>
    <subfield code="4">0</subfield>
    <subfield code="7">0</subfield>
    <subfield code="a">LYDEL</subfield>
    <subfield code="b">LYDBL</subfield>
    <subfield code="c">FIC</subfield>
    <subfield code="d">2022-06-08</subfield>
    <subfield code="o">AJF WASS</subfield>
    <subfield code="p">33228020651285</subfield>
    <subfield code="r">2022-06-08</subfield>
    <subfield code="w">2022-06-08</subfield>
    <subfield code="y">BK</subfield>
  </datafield>
  <datafield tag="952" ind1=" " ind2=" ">
    <subfield code="0">0</subfield>
    <subfield code="1">0</subfield>
    <subfield code="4">0</subfield>
    <subfield code="7">0</subfield>
    <subfield code="a">NAZAL</subfield>
    <subfield code="b">NAZAL</subfield>
    <subfield code="d">2022-06-30</subfield>
    <subfield code="g">1.45</subfield>
    <subfield code="l">0</subfield>
    <subfield code="p">33228022452468</subfield>
    <subfield code="r">2022-06-30</subfield>
    <subfield code="w">2022-06-30</subfield>
    <subfield code="y">BK</subfield>
    <subfield code="z">168498</subfield>
  </datafield>
  <datafield tag="952" ind1=" " ind2=" ">
    <subfield code="0">0</subfield>
    <subfield code="1">0</subfield>
    <subfield code="2">ddc</subfield>
    <subfield code="4">0</subfield>
    <subfield code="7">0</subfield>
    <subfield code="8">F</subfield>
    <subfield code="a">KLIPL</subfield>
    <subfield code="b">KLIPL</subfield>
    <subfield code="c">CHILD</subfield>
    <subfield code="d">2026-04-16</subfield>
    <subfield code="l">0</subfield>
    <subfield code="o">ATF WASS</subfield>
    <subfield code="p">33228022450926</subfield>
    <subfield code="r">2026-04-16</subfield>
    <subfield code="w">2026-04-16</subfield>
    <subfield code="y">BK</subfield>
    <subfield code="z">168498/B</subfield>
  </datafield>
</record>
